Tous les pays commençant par K. - Statistiques

Statistiques générales
  • Ce quiz a été pris 259 fois
    255 depuis la dernière actualisation
  • Le résultat moyen est 5 sur 6
Statistiques - réponses
Réponse % Correct
Kazakhstan
93%
Kosovo
87%
Kenya
84%
Kirghizistan
80%
Koweit
70%
Kiribati
69%
Aucun quiz correspondant
Distribution des résultats
% des personnes avec chaque résultat
Percentile par nombre de réponses
Votre historique - résultats
Vous n’avez pas pris ce quiz depuis la dernière actualisation